Les Champions du monde 1998 avec le trophée en images - Statistiques

Statistiques générales
  • Ce quiz a été pris 296 fois
  • Le résultat moyen est 17 sur 23
Statistiques - réponses
Par images Réponse % Correct
Zinédine Zidane
100%
Thierry Henry
99%
Didier Deschamps
98%
Fabien Barthez
97%
Emmanuel Petit
95%
Laurent Blanc
95%
Marcel Desailly
89%
Lilian Thuram
88%
David Trezeguet
87%
Aimé Jacquet
85%
Patrick Vieira
85%
Youri Djorkaeff
85%
Bixente Lizarazu
81%
Frank Leboeuf
80%
Christian Karembeu
79%
Robert Pirès
65%
Christophe Dugarry
63%
Bernard Lama
61%
Stéphane Guivarc'h
44%
Alain Boghossian
31%
Bernard Diomède
30%
Lionel Charbonnier
29%
Vincent Candela
27%
Aucun quiz correspondant
Distribution des résultats
% des personnes avec chaque résultat
Percentile par nombre de réponses
Votre historique - résultats
Vous n’avez pas pris ce quiz